Derecho mercantil (Registro nro. 311308)

Detalles MARC
000 -ENCABEZADO
Número de control [NR] 01908nam a2200241Ia 4500
005 - FECHA Y HORA DE LA ÚLTIMA TRANSACCIÓN
control field 20181204154447.0
008 - DE LONGITUD FIJA DE DATOS DE ELEMENTOS - INFORMACIÓN GENERAL
Elementos de longitud fija [NR] 130821s1917 sp fr 1 spa
040 ## - FUENTE DE CATALOGACION [NR]
Agencia de catalogación original [NR] Co-BoUCM
Idioma de catalogación [NR] spa
Quien Cataloga Sandra Yazo
Quien Clasifica Sandra Yazo
041 ## - CODIGO DE IDIOMA [R]
Código de idioma para texto/pista de sonido o título separado [R] Español
082 04 - NUMERO DE CLASIFICACION DECIMAL DEWEY [R]
Número de clasificación [R] 347.6
Número de la edición [NR] 20
092 ## - SIGNATURA TOPOGRAFICA LOCAL
Número de clasificación local E47N045
100 1# - ASIENTO PRINCIPAL--NOMBRE PERSONAL [NR]
Nombre personal [NR] Rodriguez Altunaga, Rafael
Fechas asociadas con el nombre [NR] 1887 -
ID Autoridad 94788
245 10 - MENCION DE TITULO [NR]
Título [NR] Derecho mercantil
Mención de responsabilidad, etc. [NR] Rafael Rodríguez Altunaga ; Carta-Prólogo del Dr. José A. del Cueto
Parte restante del título [NR] Estudio sobre el Derecho Mercantil vigente en Cuba, España, Perú y El Salvador
260 ## - PUBLICACION, DISTRIBUCION, ETC. (PIE DE IMPRENTA) [R]
Lugar de publicación, distribución, etc. [R] Madrid (España)
Nombre del editor, distribuidor, etc. [R] Impresora Clásica Española
Fecha de publicación, distribución, etc. [R] 1917
300 ## - DESCRIPCION FISICA [R]
Extensión [R] viii, 887 páginas
Dimensiones [R] 24 x 16 cm.
500 ## - NOTA GENERAL [R]
Nota general [NR] Detalles físicos: Detalles físicos: Encuadernación rígida (holandesa) en cartón forrado en papel jaspeado. Lomo de tela texturizada con adornos en dorado. Guardas. Anteportada. Portada impresa en una sola tinta. Dedicatoria. Texto impreso en una sola columna, con diferentes tipos y tamaños de letra. Notas de pie de página. Apostillas marginales impresas. Residuos de cinta pegante en tapas y lomo. Papel con oxidación
505 0# - NOTA DE CONTENIDO CON FORMATO PREESTABLECIDO [R]
Nota de contenido con formato preestablecido [NR] Fuentes del derecho comercial y de los actos de comercio ; El comerciante individual: Capacidad del comerciante individual; incapacidad mercantil ; Las Compañías mercantiles ; Auxiliares del comerciante: auxiliares dependientes del comercio terrestre; auxiliares dependientes del comercio marítimo ; Auxiliares independientes ; Obligaciones de los comerciantes ; Instituciones que favorecen el ejercicio del comercio ; Las obligaciones mercantiles ; Los contratos mercantiles ; Contratos sobre cosas ; Contratos sobre el trabajo humano ; Contratos sobre valores ; Contratos sobre riesgos
506 ## - NOTA DE RESTRICCIONES DE ACCESO [R]
Condiciones de acceso [NR] Consulta en sala
650 #7 - ASIENTO SECUNDARIO DE MATERIA - TERMINO TEMATICO [R]
Término temático o nombre geográfico como elemento de entrada [NR] Sociedades comerciales
9 (RLIN) 24740
650 #7 - ASIENTO SECUNDARIO DE MATERIA - TERMINO TEMATICO [R]
Término temático o nombre geográfico como elemento de entrada [NR] Derecho mercantil internacional
9 (RLIN) 12794
690 ## - ASUNTO AGREGADO LOCAL DE ENTRADA - TÉRMINO TEMÁTICO (OCLC, RLIN)
Acceso temático local Derecho comercial
9 (RLIN) 12717
942 ## - ELEMENTOS DE ENTRADA AGREGADOS (KOHA)
Tipo de ítem principal el descrito en 300a Libro
Edición 1
Sistema de clasificación LOCAL
Clasificación E47N045
Existencias
Suprimido Perdido Sistema de clasificación Dañado No prestable Tipo de ítem específico Ubicación habitual Ubicación actual Localización Fecha de creación Forma de adquisición Costo Total préstamos Signatura topográfica Código de barras Última vez visto Ejemplar Price effective from Tipo de ítem
    LOCAL     Libro archivo Archivo Histórico Archivo Histórico Archivo histórico 04/12/2018 Donación 0.00   E47N045 L006748 04/12/2018 Ej.1 04/12/2018 Libro